000 00477nam a22001577a 4500
005 20240308094626.0
008 240308b |||||||| |||| 00| 0 eng d
041 _aAfirkaans / English
082 _a349 TYD
100 _lAfrikaans / English
245 _aTydskrif vir die Suid-Afrikaanse Reg
260 _aKaapstad :
_bJuta en Kie Beperk,
_c1985
300 _b120 blaadsye ;
_c25 cm.
650 _aLegal practice
_bLaw
942 _cCR
_6ALISON_BN_VRIES
999 _c1419
_d1419